| 000 | 00456cam a2200193ua 4500 | ||
|---|---|---|---|
| 001 | 234 | ||
| 008 | 110325n ii |||gr||||Z||||||eng | ||
| 020 | _a81-7033-610-4 | ||
| 040 | _cMAIN | ||
| 082 | _a364 | ||
| 245 | 1 |
_aCriminology _cby Ram Ahuja |
|
| 250 | _a1st. | ||
| 260 |
_aJaipur: _bRawat publications, _c2006. |
||
| 300 |
_axii, 411p.: _c20cm. |
||
| 653 | _aSocial problems | ||
| 653 | _aCriminology | ||
| 700 | 1 |
_aAhuja, Ram., _eAuthor. |
|
| 942 | _cBK | ||
| 999 |
_c200 _d200 |
||